|
|
|
|
| LEADER |
00000nab a2200000 a 4500 |
| 001 |
vtls000869944 |
| 003 |
SK-MaSNL |
| 005 |
20260318123728.0 |
| 008 |
160401c2003 xo 0 ukr |
| 015 |
|
|
|a SNBRB2004/04-12468
|
| 035 |
|
|
|a CLN000221496
|
| 040 |
|
|
|a SNKBUCL
|b slo
|c SNKBUCL
|e AACR2
|
| 041 |
0 |
|
|a ukr
|
| 044 |
|
|
|a xo
|c SK
|
| 080 |
|
|
|a 94(437.6)"1750/1944"
|2 1997
|
| 100 |
1 |
|
|a Kováč, Andrej,
|d 1930-2015
|4 aut
|9 177702
|
| 245 |
1 |
0 |
|a I pravdu perekazala-
|c Andrij Kovač
|
| 648 |
|
7 |
|a 1750-1944
|2 SNKPH
|9 1317502
|
| 650 |
0 |
7 |
|a dejiny miest
|2 SNKPH
|9 164833
|
| 651 |
|
7 |
|a 709
|2 snkbucl
|9 529536
|
| 651 |
|
7 |
|a 520438
|2 snkbucl
|9 875568
|
| 651 |
|
7 |
|a Ladomirov (Slovensko)
|2 snkbucl
|9 51443
|
| 655 |
|
7 |
|a články z novín a časopisov
|2 snkbucl
|9 267496
|
| 773 |
0 |
|
|t Nove žyttja
|g Roč. 53, č. 51-52 (2003), s. 2
|
| 850 |
|
|
|a Slovenská národná knižnica v Martine
|
| 852 |
|
|
|a SNK
|b KIS3GCP
|
| 958 |
|
|
|a UK
|
| 958 |
|
|
|a SK
|
| 958 |
|
|
|a RN
|
| 958 |
|
|
|a RBX
|
| 999 |
|
|
|c 2653735
|d 2655665
|